00949nam a22002417a 450000500170000001000130001702000100003003500130004003700160005304000120006908200190008110000230010024501010012326000500022427000420027430000270031650000510034365000380039465000370043294200280046999900190049795201910051620170124110012.0 aA-712636 c00.00 aA-712636 bCen Lib/Ret aDPLbEN a338.10954bDEW aDewan, M.L.918004 aAgricultural and rural development in india :cby M.L. Dewan ba case on the dignity of labour / aNew Delhi bConcept Publishing Company c1982 aH-13, bali nagar bNew Delhi e110015 axxiii, 227p.c20cm(Hb) aIncludes bibliographical references and index  aRural development zIndia 915149 aAgricultural development 989764 2ddccENh338.10954mDEW c126622d126622 04104070aLbLd2015-06-26eCen Lib/Retg0.00l0o338.10954 DEWpA-712636r2015-06-26 00:00:00t1v0.00w2015-06-26yENzWritten off on approval by DLB (By Circulation); dtd 15-06-2023